02085cam a2200241 a 450000100070000000500170000700800410002401000170006502000240008204000180010605000150012408200190013910000240015824500590018226000370024130000330027844000390031150000490035050400410039950513500044065000270179065000260181756563720210414113849.0890831s1990 nyua b 001 0 eng  a 89038598  a0070153965 :c$8.95 aDLCcDLCdDLC00aCB245.V47 00a909/.098212201 aViault, Birdsall S.10aWestern civilization since 1600 /cBirdsall S. Viault. aNew York :bMcGraw-Hill,cc1990. aix, 549 p. :bill. ;c21 cm. 0aMcGraw-Hill's college review books a"An American BookWorks Corporation project." aIncludes bibliographical references. aContents: The Struggle for constitutional government in England -- Absolute monarchy in France -- The Emergence of Austria, Prussia, and Russia -- The Eighteenth-century struggle for power -- The Scientific revolution -- The Enlightenment -- Literature, art and music in the seventeenth and eighteenth centuries -- The French revolution -- Napoleon, France and Europe -- The Congress of Vienna and the concert of Europe -- Romanticism -- Reform and revolution in Great Britain, France and the United States -- The Conservative order in Central and Eastern Europe -- The Agricultural and industrial revolutions -- Liberalism and socialism -- The Revolutions of 1848 -- National Unification in Italy and Germany -- The Advance of democracy in Great Britain, France, Italy and the United States -- Autocratic Europe: Germany, Austria-Hungary and Russia -- Nineteenth-century European civilization -- The Age of imperialism -- The Coming of the first World War -- The First World War -- Soviet Russia under Lenin and Stalin -- Fascist Italy -- Germany from Weiner to Hitler -- Great Britain, France and the United States between the two World Wars -- The Cold War -- The Western democracies since 1945 -- The Soviet Union and Eastern Europe since 1945 -- The Middle East, Asia and Africa since 1945 -- Western civilization in the twentieth century.  0aCivilization, Western. 0aCivilization, Modern.